000 00407pab a2200145 454500
008 180718b2008 xxu||||| |||| 00| 0 eng d
245 _aMUSLIM activists call to government and Parliament: implement Ranganath Mishra Commission report
260 _c2008
300 _ap.27-28.
362 _a13 Mar
650 _aBackward classes,Mishra, Ranganath
773 _aMainstream
908 _aN
909 _a85908
999 _c85908
_d85908